000
00229nam a22000857a 4500
008
160624b xxu||||| |||| 00| 0 eng d
100
_9
1064
_a
Kennedy, J.F
245
_a
Profiles in Courage
260
_a
N.Y
_b
Harper & Row Publication
_c
1964
999
_c
850
_d
850